Vainqueurs de Koh-Lanta - Statistiques

Statistiques générales
  • Ce quiz a été pris 73 fois
    25 depuis la dernière actualisation
  • Le résultat moyen est 20 sur 34
Statistiques - réponses
Année Vainqueur Sexe Lieu de l'édition % Correct
2005 Clémence Castel Femme Nouvelle-Calédonie, îles des Pins
95%
2018 Clémence Castel Femme Fidji, archipel de Kadavu
95%
2014 Laurent Maistret Homme Cambodge, Ile de Koh Rong
89%
2016 Benoit Assadi Homme Cambodge, île de Koh-Rong
79%
2015 Marc Rambaud Homme Malaisie, archipel de Sibu
79%
2020 Alexandra Pornet Femme Fidji, archipel de Kadavu
74%
2017 André Deleplace Homme Fidji, archipel de Yasawa
74%
2025 Gaëlle Femme Philippines, péninsule de Caramoan
74%
2019 Maud Bamps Femme Fidji, archipel de Kadavu
74%
2017 Frédéric Blancher Homme Cambodge, île de Koh Rong
68%
2023 Frédéric Khouvilay Homme Philippines, péninsule de Caramoan
68%
2013 Ugo Lartiche Homme Malaisie, archipel de Seribuat
68%
2008 Christelle Gauzet Femme Philippines, péninsule de Caramoan
63%
2007 Jade Handi Femme Philippines, archipel de Palawan
63%
2021 Maxine Eouzan Femme Polynésie française, île de Taha
63%
2020 Naoil Tita Femme Fidji, archipel de Kadavu
63%
2016 Wendy Gervois Femme Thaïlande, baie de Phang Nga
63%
2009 Christina Chevry Femme Palaos, en Micronésie
58%
2022 Bastien San Pedro Homme Philippines, archipel de Palawan
53%
2022 François Descamp Homme Philippines, archipel de Palawan
53%
2003 Isabelle Seguin Femme Panama, archipel de Bocas del Toro
53%
2007 Kevin Cuoco Homme Philippines, archipel de Palawan
53%
2004 Philippe Bordier Homme Panama, archipel de Las Perlas
53%
2010 Philippe Duron Homme Viêt Nam, archipel de Côn Đảo
53%
2024 Thibault Homme Philippines, péninsule de Caramoan
53%
2012 Bertrand Bolle Homme Lieu Inconnue
47%
2011 Gérard Urdampilleta Homme Indonésie, archipel de Raja Ampat
47%
2001 Gilles Nicolet Homme Thaïlande, île de Koh Rok
42%
2010 Grégoire Delachaux Homme Viêt Nam, archipel de Côn Đảo
42%
2024 Léa Femme Philippines, péninsule de Caramoan
42%
2002 Amel Fatnassi Femme Costa Rica, péninsule de Nicoya
37%
2006 François-David Cardonnel Homme Vanuatu
32%
2003 Delphine Bano Femme Panama, archipel de Bocas del Toro
26%
2009 Romuald Lafite Homme Palaos, en Micronésie
16%
Aucun quiz correspondant
Distribution des résultats
% des personnes avec chaque résultat
Percentile par nombre de réponses
Votre historique - résultats
Vous n’avez pas pris ce quiz depuis la dernière actualisation